000 01375cam a22003974a 4500
001 muse16313
003 MdBmJHUP
005 20210127150939.0
006 m o d
007 cr||||||||nn|n
008 050516s2005 utu o 00 0 eng d
010 _z 2005014247
020 _a9780874215229
020 _z0874216168 (alk. paper)
020 _z9780874216196
035 _a(OCoLC)62425172
040 _aMdBmJHUP
_cMdBmJHUP
050 0 4 _aPS3602.R457
_bB43 2005
100 1 _aBrent, Frances Padorr.
245 1 4 _aBeautiful Lesson of the I
_bpoems /
_cby Frances Brent.
264 1 _bUtah State University Press,
264 3 _bProject MUSE,
300 _a1 online resource (xii, 57 p.)
506 0 _aOpen Access
_fUnrestricted online access
_2star
588 _aDescription based on print version record.
655 7 _aElectronic books.
_2local
710 2 _aProject Muse.
_edistributor
830 0 _aBook collections on Project MUSE.
856 4 0 _zFull text available:
_uhttps://muse.jhu.edu/book/9873/
945 _aProject MUSE - Archive Poetry, Fiction and Creative Non-Fiction Foundation
945 _aProject MUSE - Archive Complete Foundation
999 _c24082
_d24082